A children's history of Malaysia

Bibliographic Details
Main Author: Tunku Halim
Format: Book
Published: Petaling Jaya : MPH Group Publishing Sdn Bhd , 2019
Subjects:

MARC

LEADER 00000cam a2200000 7i4500
001 0000276231
005 20210119100907.0
020 |a 9674155201 
020 |a 9789674155209 
090 0 |a 959.5   |b TUN 
100 0 |a Tunku Halim 
245 1 2 |a A children's history of Malaysia   |c Tunku Halim 
260 |a Petaling Jaya :   |b MPH Group Publishing Sdn Bhd ,   |c 2019 
300 |a 246p. ;   |c 20cm. 
650 0 |a History   |z Malaysia 
651 0 |a Malaysia   |x History   |v Juvenile literature 
999 |a 00383250   |b BUKU   |c JUNIOR BOOKS   |e PERPUSTAKAAN KOMUNITI PETALING JAYA